000 00437nam a22001697a 4500
003 OSt
008 250207b |||||||| |||| 00| 0 eng d
020 _a 9 780198 611349
041 _aeng
082 _a028.73 423
_bBRO/NE
100 _aBrown, Lesley
_97101
245 _aNew Shorter Oxford English Dictionary
_bVolume1 N-Z
250 _a3rd Reprint
260 _aNew York:
_bClarendon Press,
_c1993.
300 _a1876P.
942 _cBK
999 _c19332
_d19332